000 01772nam a2200289 a 4500
001 000030431
005 20200930062317.0
008 110517s2011 dr ac 001 0 spa d
020 _a9789945164138
040 _aDO-SdBNP
_bspa
_cBNPHU
082 _a338.474
_bS715p
100 1 _aSosa, José Rafael
_964
245 1 0 _aParqueo nuestro de cada día /
_cJosé Rafael Sosa ; colaboradores Omar Rancier, Marcos Barinas, José Emilio Brea García, Leyda Brea y Lorenzo Gómez Martín.
260 _aSanto Domingo :
_bAlas,
_c2011.
300 _a127 p.
_ail., retrs. ;
_c22 cm.
505 0 _tOración del buen parqueo --
_tIntroito: Cuando me estaciono --
_tPrevio a todo --
_tPrólogo: ¿Estacionar o parquear? /
_rJosé Emilio Brea García --
_tGetting there is half the fun /
_rMarcos Barinas --
_tEstacionemos /
_rOmar Rancier --
_tViolencia psicológica y urbana: la lucha por el parqueo adopta formas, a veces, absurda --
_tLos parqueos privados: los mejores, los peores --
_t15 tipos de parquedores: ¿Son un mal necesario? --
_tTestimonios: Cuando el parqueo es una pesadilla --
_t"No somos responsables":¿Si o no son responsables...? --
_tPara aprender a estacionar: Decálogo para aprender a parquear --
_tLa inspiración al conducir --
_gDocumentos anexos:
_tLa ideología social del automóvil --
_tUna solución legislativa.
590 _aInventariado,2018/DG
650 4 _aServicios de parqueo
_957062
650 4 _aEstacionamiento de automóviles
_957063
650 4 _aParqueaderos
_957064
700 1 _aRancier, Omar,
_ecol.
_957065
700 1 _aBarinas, Marcos,
_ecol.
_957066
700 1 _aBrea García, José Emilio,
_ecol.
_957067
700 1 _aBrea, Leyda,
_ecol.
_957068
700 1 _aGómez Marín, Lorenzo,
_ecol.
_919763
910 _aValidado. Control de calidad EMS
999 _c29923
_d29923